Trivia quiz #1 - Statistics

General Stats
  • This quiz has been taken 15 times
  • The average score is 5 of 20
Answer Stats
Questions Answer % Correct
Capital of Colombia Bogota
71%
What did Alexander Fleming discover by accident? Penicillin
71%
Name of the famous prison in San Fransisco Alcatraz
64%
Numbers of books about Harry Potter by J.K. Rowling 8
57%
Who said "to be or not to be"? Hamlet
50%
Name of the plane that dropped Little boy on Hiroshima Enola Gay
36%
Stepson of st. Joseph Jesus
36%
Creator of the song "The sound of silence" Simon and Garfunkel
36%
Country with the largest oil reserve Venezuela
36%
Founding year for Nintendo 1889
21%
Who wrote "Paradise lost"? John Milton
21%
Most famous daughter of Mary Wollstonecraft Mary Shelley
14%
In the standard model, the three primary groups are Quarks, Leptons and what? Bosons
7%
Name of the red-light district in Amsterdam De Wallen
7%
Who said: "You must be the change you want to see in the world"? Gandhi
7%
Most used computer language Javascript
7%
Number counties in the state of California 58
0%
Southernmost city in Denmark Gedser
0%
Main character in the tv-show "Community" Jeff Winger
0%
Husband of the answer above Percy Bysshe
0%
No matching quizzes found
Score Distribution
Percent of People with Each Score
Percentile by Number Answered
Your Score History
You have not taken this quiz